000 00350nam a2200121 4500
005 20260107113718.0
084 _2Colon Classification
_aI:(J335):11
100 _aRAJALEKSHMI S
_97492
245 _aBiosystematics of selected species of Ipomea Linn
260 _aUOK,TVPM,
_bM G College,
_c2025
650 _aPhD Thesis in Botany
_97493
942 _2CC
_cTH
999 _c754844
_d754844